000 00786nam a22001577a 4500
999 _c59579
_d59579
005 20230320114415.0
008 230320c2021 ge ||||| |||| 00| 0 geo d
022 _a15120481
041 _ageo
245 _aსაქართველოს უზენაესი სასამართლოს გადაწყვეტილებანი /
_bადმინისტრაციულ საქმეებზე. [ყოველთვიური]. შრომითი დავები.
260 _aთბილისი,
_c2021.
300 _av.
653 _aსაქართველოს უზენაესი სასამართლოს გადაწყვეტილებანი
653 _aპერიოდიკა
942 _2udc
_cBK